Fußball Bundesliga Teams, die nie Abgestiegen sind - Statistiken

Allgemein
  • Dieses Quiz wurde 89 mal gespielt
  • Das Durchschnittsergebnis liegt bei 7 aus 8
Antwortstatistiken
In der
Bundesliga
Seid:
Team % Korrekt
1965 FC Bayern München
100%
2008/09 TSG 1899 Hoffenheim
94%
2023 1.FC Heidenheim
92%
1979 Bayer 04 Leverkusen
92%
1997 VfL Wolfsburg
92%
2011 FC Augsburg
90%
2016 RB Leipzig
90%
2019 Union Berlin
86%
Keine übereinstimmenden Quizze gefunden
Verteilung der Resultate
Anzahl Personen mit jedem Resultat
Perzentil nach korrekt beantworteten Fragen
Ihre Resultats-Entwicklung
Sie haben dieses Quiz noch nicht gespielt